Del fascismo al populismo en la historia
Gardado en:
| Autor Principal: | |
|---|---|
| Formato: | Libro |
| Idioma: | Lingua castelá |
| Publicado: |
Buenos Aires
Penguin Random House
2018
|
| Edición: | 1a. ed |
| Subjects: | |
| Tags: |
Engadir etiqueta
Sen Etiquetas, Sexa o primeiro en etiquetar este rexistro!
|
MARC
| LEADER | 00000cam a2200000 a 4500 | ||
|---|---|---|---|
| 001 | UCC5830 | ||
| 003 | CL-VaPUC | ||
| 008 | 181031e20180000ag |||||||||||||||||spa|d | ||
| 020 | |a 9789877370331 | ||
| 082 | 0 | 4 | |a 320.01 |b FIN |2 21 |
| 100 | 0 | |a Finchelstein, Federico |e author |9 600221 | |
| 245 | 1 | 0 | |a Del fascismo al populismo en la historia |
| 250 | |a 1a. ed | ||
| 300 | |a 348 p | ||
| 942 | |c BK | ||
| 945 | |d 20181031 17:21:00 |a dcastane | ||
| 260 | |a Buenos Aires |b Penguin Random House |c 2018 | ||
| 650 | 0 | |a Fascismo |9 255687 | |
| 650 | 0 | |a Populismo |9 403172 | |
| 650 | 0 | |a Clases sociales |9 256858 | |
| 650 | 0 | |a Capitalismo |9 255255 | |
| 583 | |a last modification |c 20181031 17:21:00 |k Rodrigo Vera | ||
| 999 | |c 372939 |d 372937 | ||
| 952 | |0 0 |1 0 |3 erb |4 0 |6 320_010000000000000_FIN_2018 |7 0 |8 A |9 490831 |a BIBCUR |b BIBCUR |i 5511356 |l 1 |o 320.01 FIN 2018 |p 5511356 |r 2025-04-22 |s 2022-09-12 |w 2019-11-24 |y BK |z Catalogado en:20181031 |k PER | ||